Southville International School and Colleges
Your cart is empty.
  • Cart
  • Lists
    Public lists Eva Luna New books Lux_list list_1
    Your lists Log in to create your own lists
  • Log in to your account
  • Your cookies
  • Search history
Southville International School and Colleges
  • Advanced search
  • Recent comments
  • Most popular
  • Libraries

Log in to your account

Log in with GOOGLE


If you do not have an external account, but do have a local account, you can still log in:

  1. Home
  2. MARC view: Fundamentals of educational research and data analysis /
Normal view MARC view ISBD view

Fundamentals of educational research and data analysis / (Record no. 25705)

[ view plain ]
MARC details
000 -LEADER
fixed length control field 00617nam a22002057a 4500
005 - DATE AND TIME OF LATEST TRANSACTION
control field 20140310183635.0
008 - FIXED-LENGTH DATA ELEMENTS--GENERAL INFORMATION
fixed length control field 131126b xxu||||| |||| 00| 0 eng d
020 ## - INTERNATIONAL STANDARD BOOK NUMBER
International Standard Book Number 971574012X
050 ## - LIBRARY OF CONGRESS CALL NUMBER
Classification number LB 10.25
Item number .P125 1998
100 ## - MAIN ENTRY--PERSONAL NAME
Personal name Padua, Roberto N.
245 ## - TITLE STATEMENT
Title Fundamentals of educational research and data analysis /
Statement of responsibility, etc Roberto N. Padua.
260 ## - PUBLICATION, DISTRIBUTION, ETC. (IMPRINT)
Place of publication, distribution, etc Quezon City, Philippines :
Name of publisher, distributor, etc Katha Publishing Co. Inc.,
Date of publication, distribution, etc 1998.
300 ## - PHYSICAL DESCRIPTION
Extent 130 p. :
Dimensions 27 cm.
521 ## - TARGET AUDIENCE NOTE
Target audience note
650 ## - SUBJECT ADDED ENTRY--TOPICAL TERM
Topical term or geographic name as entry element Educational research
650 ## - SUBJECT ADDED ENTRY--TOPICAL TERM
Topical term or geographic name as entry element Data analysis
700 ## - ADDED ENTRY--PERSONAL NAME
Personal name de Guzman-Santos, Rosita
942 ## - ADDED ENTRY ELEMENTS (KOHA)
Source of classification or shelving scheme Library of Congress Classification
Koha item type Books
Call number prefix Local
Holdings
Withdrawn status Lost status Source of classification or shelving scheme Damaged status Home library Current library Shelving location Date acquired Source of acquisition Total Checkouts Full call number Barcode Date last seen Copy number Price effective from Koha item type
    Library of Congress Classification   College Library College Library Filipiniana Section 11/26/2013 Library Fund   LB 10.25 .P125 1998 C7691 05/08/2018 1 11/26/2013 Books

Fundamentals of educational research and data analysis /

APA

Padua R. N., de Guzman-Santos R., . (1998). Fundamentals of educational research and data analysis. Quezon City, Philippines: Katha Publishing Co. Inc.

Chicago

Padua Roberto N, de Guzman-Santos Rosita, . 1998. Fundamentals of educational research and data analysis. Quezon City, Philippines: Katha Publishing Co. Inc.

Harvard

Padua R. N., de Guzman-Santos R., . (1998). Fundamentals of educational research and data analysis. Quezon City, Philippines: Katha Publishing Co. Inc.

MLA

Padua Roberto N, de Guzman-Santos Rosita, . Fundamentals of educational research and data analysis. Quezon City, Philippines: Katha Publishing Co. Inc. 1998.

  • Place hold
  • Print
  • Cite
  • Add to your cart (remove)
  • Save record
    BIBTEX Dublin Core MARCXML MARC (non-Unicode/MARC-8) MARC (Unicode/UTF-8) MARC (Unicode/UTF-8, Standard) MODS (XML) RIS
  • More searches
    Search for this title in:
    Other Libraries (WorldCat) Other Databases (Google Scholar) Online Stores (Bookfinder.com) Open Library (openlibrary.org)

Exporting to Dublin Core...

SOUTHVILLE LIBRARY

Southville International School and Colleges Library

1281 Tropical Ave. Cor. Luxembourg St., BF Homes International, Las Pinas City

Tel. No. 8256374 / 252358 Loc. 117/146

Powered by Koha